F1 World Champions - Sudden Death - Statistics

General Stats
  • This quiz has been taken 905 times
  • The average score is 8 of 16
Answers on the Grid
Answers color-coded by a green-red scale on the quiz's grid according to % correct below.
Alain Prost
Mika Häkkinen
Enzo Fittipaldi
Denny Hulme
Heikki Kovalainen
Jarno Trulli
Phil Hill
Nigel Mansell
Ralf Schumacher
Valtteri Bottas
Mick Schumacher
Sebastian Vettel
Jenson Button
Damon Hill
Stirling Moss
David Coulthard
Pastor Maldonado
Bruce McLaren
Mike Hawthorn
Graham Hill
Jacky Ickx
Jolyon Palmer
Johnny Herbert
Kimi Räikkönen
Lewis Hamilton
Robert Kubica
George Russell
Niki Lauda
Charles Leclerc
James Hunt
Nico Rosberg
Jackie Stewart
 
Answer Stats
Answer % Correct
Alain Prost
88%
Mika Häkkinen
79%
Lewis Hamilton
55%
Sebastian Vettel
55%
Nigel Mansell
53%
Niki Lauda
49%
Nico Rosberg
48%
Jenson Button
47%
Kimi Räikkönen
46%
Jackie Stewart
43%
Damon Hill
42%
James Hunt
42%
Graham Hill
38%
Phil Hill
38%
Denny Hulme
32%
Mike Hawthorn
28%
No matching quizzes found
Score Distribution
Percent of People with Each Score
Percentile by Number Answered
Your Score History
You have not taken this quiz